| 000 | 00558nam a2200181Ia 4500 | ||
|---|---|---|---|
| 005 | 20250508163810.0 | ||
| 008 | 008 250505s9999 xx 000 0 eng d | ||
| 037 | _aTextual | ||
| 040 |
_aFEDL _beng _cFEDL |
||
| 041 |
_aeng _2eng |
||
| 084 |
_aB, BRA _qFEDL |
||
| 100 |
_aBirch Beverley _9776392 |
||
| 245 | 0 | _aLouis Braille: The blind French boy whose invention has helped millions of blind people to read | |
| 260 |
_aHyderabad, India _bOriental Longman Ltd. _c1995 |
||
| 300 | _a64p | ||
| 942 |
_cTEXL _hB, BRA |
||
| 999 |
_c1385318 _d1385318 |
||